Statistics for Cities With One Million People by Letter - H

Click here to take the quiz!

General Stats

  • This quiz has been taken 320 times
  • The average score is 16 of 28

Answer Stats

City % Correct
Helsinki
98%
Havana
98%
Houston
98%
Honolulu
98%
Hamburg
97%
Hanoi
94%
Ho Chi Minh City
93%
Harare
91%
Hyderabad
84%
Hong Kong
81%
Hanover
74%
Hiroshima
73%
Hangzhou
67%
Harbin
66%
Hartford
63%
Harrisburg
52%
Huainan
47%
Hefei
43%
Huizhou
25%
Haikou
23%
Huhehot
22%
Huai'an
14%
Hengyang
12%
Hamamatsu
12%
Huaibei
12%
Hubli
11%
Handan
10%

Score Distribution

Percentile by Number Answered

Percent of People with Each Score

Your Score History

You have not taken this quiz